Modulárny systém MoBioSandbox na platforme Android

Uložené v:
Podrobná bibliografia
Hlavný autor: Vodička, Marek (Autor)
Ďalší autori: Jirka, Vojtěch (Vedúci práce)
Médium: Rukopis Kniha
Jazyk:Slovak
Vydavateľské údaje: 2015
Predmet:
On-line prístup:http://is.stuba.sk/zp/portal_zp.pl?podrobnosti=97810
Tagy: Pridať tag
Žiadne tagy, Buďte prvý, kto otaguje tento záznam!

MARC

LEADER 00000ntm a22000003a 4500
001 stuzp49318
003 SK-STU
005 20160719153236.9
007 ta
008 150427s2015----xo-----f-mn---000-0-slo-d
040 |a STU  |b slo 
041 0 |a slo 
100 1 |a Vodička, Marek  |u 035000  |4 aut  |U FEI Fakulta elektrotechniky a informatiky  |T FEI Ústav informatiky a matematiky  |X 74251  |U E050  |Y 816  |7 74251 
242 0 1 |a Modular system MoBioSandbox for Android  |y eng 
245 1 0 |a Modulárny systém MoBioSandbox na platforme Android 
260 |c 2015 
300 |a 80 s., príl.  |b CD-ROM 
650 4 |a biometria  |2 slo 
650 4 |a Android  |2 slo 
650 4 |a detekcia tváre  |2 slo 
650 4 |a modulárny systém  |2 slo 
650 4 |a modular-based system  |2 eng 
650 4 |a biometry  |2 eng 
650 4 |a Android  |2 eng 
650 4 |a face detection  |2 eng 
700 1 |a Jirka, Vojtěch  |4 ths  |X 50773  |7 A000050773 
856 4 |u http://is.stuba.sk/zp/portal_zp.pl?podrobnosti=97810 
996 |b 284ER01859  |c E*Bc- 1859  |l EE35  |s P  |a 0  |w stuzp49318_0001 
SQL |a stuzp49318  |b DBP  |c SLO  |d Modulárny systém MoBioSandbox na platforme Android  |e 74251  |f Vodička, Marek  |g 035000  |h 50773  |i Jirka, Vojtěch  |j 20150707  |k 73  |l 03  |m http://is.stuba.sk/zp/portal_zp.pl?podrobnosti=97810  |n B-API  |o 9.2.9. aplikovaná informatika